000 00682nam a2200229Ia 4500
003 OSt
005 20251118114920.0
008 220923b |||||||| |||| 00| 0 eng d
020 _a0745618332
037 _cGeneral Book
040 _aRTL
_cRTL
_beng
041 _2eng
_aeng
084 _aY:3(Q), N8
_qRTL
245 0 _aReligion
260 _aCambridge
_bPolity Press
_c1998
300 _avii,211 p.
_bIncludes bibliographical references and index.
650 _aSociology of Religion
_9851958
700 _aDerrida, Jacques
_9147006
_eEditor
700 _aVattimo, Gianni
_eEditor
_9851959
942 _hY:3(Q), N8
_cGB
_2CC
_n0
999 _c497071
_d497071